000 01107nam a2200313 i 4500
001 000017120
003 DO-SdBNP
005 20260305073950.0
007 ta
008 100317t1996 dr ac 000 0bspa d
040 _aDO-SdBNP
_bspa
_cBNPHU
_erda
041 _aspa
082 4 _a923.27293
_bD812P 1996
_222
100 1 _aPeña, Angela,
_eautor
_4aut.
_937722
245 1 0 _aAsí era Duarte /
_cAngela Peña ; prólogo, Frank Moya Pons.
250 _aTercera edición corregida y aumentada
264 1 _aSanto Domingo :
_bEditora Lozano,
_c@1996.
300 _a191 páginas :
_bilustraciones, retratos ;
_c22 cm.
336 _atexto
_btxt
_2rdacontent
337 _asin mediación
_bn
_2rdamedia
338 _avolumen
_bnc
_2rdacarrier
504 _aBibliografía : páginas 183-184.
590 _aInventariado, 2018/DG
600 1 4 _aDuarte, Juan Pablo,
_d1813-1876
_91494
651 4 _aRepública Dominicana
_xHistoria
_y1844-1930
_vEnsayos, conferencias, etc.
_918262
700 1 _aMoya Pons, Frank,
_d1944-
_eprologuista
_4pr.
_92095
910 _aValidado. Control de calidad EMS
942 _2ddc
_cLBS1
999 _c16646
_d16646